=LDR 00000nam 2200000 4500 =001 INLIS000000000031866 =005 20130612133917 =008 ***********************************ind** =035 ##$$0010-061300000031866 =041 ##$$a ind =082 ##$$a 372.3 =090 ##$$a 372.3, Ens c =245 ##$$a Ensiklopedi Percobaan Sain Dasar, PenerjemahTri Wagiyanti ; editor Adib Mustain =260 ##$$a 2008 $b Bandung =300 ##$$a jJil, ilus, 21 cm =650 ##$$a SAINS, ENSIKLOPEDI =700 ##$$a TRI WAGIYANTI =850 ##$$a NBPNMAT